Normal view
MARC view
Entry Personal Name
001 - CONTROL NUMBER
- control field: 1238975
003 - CONTROL NUMBER IDENTIFIER
- control field: OSt
005 - DATE AND TIME OF LATEST TRANSACTION
- control field: 20260511125543.0
008 - FIXED-LENGTH DATA ELEMENTS
- fixed length control field: 260511|| aca||aabn | a|a d
040 ## - CATALOGING SOURCE
- Original cataloging agency: OSt
- Transcribing agency: OSt
100 ## - HEADING--PERSONAL NAME
- Personal name: Katz, Cindi
670 ## - SOURCE DATA FOUND
- Source citation: Work cat.: (OSt)588928: 295759, Life's work: geographies of social reproduction , 2004
